Video Game Trivia - Statistics

General Stats
  • This quiz has been taken 6 times
  • The average score is 6 of 15
Answer Stats
Hint Answer % Correct
When was the Year of Luigi? 2013
60%
What is the Smash Bros. Ultimate tagline? Everyone is here!
60%
Which company created Angry Birds? Rovio
60%
What article of clothing do Profesor Layton and Topper have in common? Top hat
60%
Which character is known to 360 no-scope people in Family Guy games? Brian
40%
Which item is noteworthy in both the Stanley Parable and Team Fortress 2? Bucket
40%
What dance does Henry Stickmin do to confuse enemies? Distraction Dance
40%
In which FNAF game will you find the first appearance of Old Man Consequences? FNAF World
40%
Name a game that featured both Sonic and Krusty the Clown. Lego Dimensions / Fortnite
40%
What is Tails' first and last name in Sonic? Miles Prower
40%
Which Fortnite weapon is an explosive sniper that uses shotgun ammo but shoots swords? Ex-Calibur
20%
Which Undertale character correlates to the song Death by Glamour? Mettaton
20%
In the Impossible Quiz, can a match box? No, but a tin can.
20%
Which Pokemon is, as of now, the first and only Bug/Ghost type? Shedinja
20%
What game has the swagger of a black teen? Spider-Man: Miles Morales
20%
No matching quizzes found
Score Distribution
Percent of People with Each Score
Percentile by Number Answered
Your Score History
You have not taken this quiz